| 000 | 00486nam a22001817a 4500 | ||
|---|---|---|---|
| 003 | CEME | ||
| 005 | 20210628204105.0 | ||
| 008 | 210112b xxu||||| |||| 00| 0 eng d | ||
| 020 | _a9789381075326 | ||
| 040 | _cceme | ||
| 082 | _a621.319 MUR | ||
| 100 |
_aMurty, Psr _968687 |
||
| 245 | _aElectrical power systems | ||
| 260 |
_aHYDERABAD _bBS PUBLICATIONS _c2011 |
||
| 300 | _aXXX, 843P | ||
| 650 |
_aELECTRICAL POWER SYSTEMS.ELECTRICAL POWER ENGINEERING _968688 |
||
| 942 |
_cBK _2ddc |
||
| 999 |
_c576186 _d576186 |
||